000 00633cam a22002292a 4500
001 008380
003 AR-FADEU
008 311216n1985####xxu####################dd
020 _a84-335-2978-1
092 _a305.55
_bH684-10
100 _aHobsbawm, Eric J.
245 _aLas revoluciones burguesas
250 _a10a. ed
260 _aBarcelona
260 _bLabor
260 _c1985
300 _a580 p
440 _aPunto omega, historia
500 _aIncluye bibliografía. -- Texto de sala
650 _aBURGUESIA-1789-1848; CLASES SOCIALES; CLASE MEDIA; REVOLUCION FRANCESA; REVOLUCION INDUSTRIAL
942 _cBDGR
999 _c14188
_d14188